000 00907nam a22002897a 4500
001 BR8105234
003 BR-BrBNA
005 20230928091030.0
007 ta
008 230509b bl.||||| |||| 00| 0 por d
040 _aBR-BrBNA
_bpor
_cBiblioteca Nacional de Agricultura
041 _a(Por)
072 _aS10; Q10
_b9310
_b0336
090 _ 9310 BR8105234
100 1 _aBuassi, N.
110 1 _aFundacao Universidade Estadual de Londrina, PR (Brasil)
_0Tese (Mestrado)
_95058
245 1 _aFarinha de soja integral: aspectos nutricionais e fisiologicos em modelo biologico
260 3 _aLondrina, PR (Brasil):
_c1981.
300 _a122 p.
500 _aBibliography p. 107-122 (158 ref.); 27 tables; 15 illus.; Summaries (Eng, Por)
650 _aFARINHA
650 _aSOJA
650 _aVALOR NUTRITIVO
650 _aANALISE QUIMICA
909 _a202309
_bLucia
_c55
_dLucia Elande
942 _cBK
999 _c31855
_d31855